Mấy vấn đề thi pháp Lỗ Tấn và việc giảng dạy Lỗ Tấn trong trường phổ thông

Spremljeno u:
Bibliografski detalji
Glavni autor: Lương, Duy Thứ
Format: Knjiga
Jezik:Undetermined
Izdano: Thành phố Hồ Chí Minh Đại học Quốc gia Thành phố Hồ Chí Minh 2005
Teme:
Oznake: Dodaj oznaku
Bez oznaka, Budi prvi tko označuje ovaj zapis!
Thư viện lưu trữ: Trung tâm Học liệu Trường Đại học Cần Thơ
LEADER 00712nam a2200205Ia 4500
001 CTU_104107
008 210402s9999 xx 000 0 und d
020 |c 20000 
082 |a 895.1309 
082 |b Th550 
100 |a Lương, Duy Thứ 
245 0 |a Mấy vấn đề thi pháp Lỗ Tấn và việc giảng dạy Lỗ Tấn trong trường phổ thông 
245 0 |c Lương Duy Thứ 
260 |a Thành phố Hồ Chí Minh 
260 |b Đại học Quốc gia Thành phố Hồ Chí Minh 
260 |c 2005 
650 |a Chinese poetry 
650 |x History and criticism 
904 |i Minh 
980 |a Trung tâm Học liệu Trường Đại học Cần Thơ